000 00210nam a22000857a 4500
003 SGT
245 _aJOURNAL OF INDIAN ASSOCIATION OF PEDIATRIC SURGEONS
260 _aINDIA
_bWOLTERS KLUWER
_c2018
942 _2ddc
_cBV
999 _c24403
_d24403